| 000 | 01273cam a22003617a 4500 | ||
|---|---|---|---|
| 003 | CHAP | ||
| 005 | 20220329143030.0 | ||
| 008 | 050922d2004 es r 00110 spa d | ||
| 010 | _a90953 | ||
| 011 | _a91925 | ||
| 020 | _a8484761932 | ||
| 035 | _a102488 | ||
| 040 | _cCHAP | ||
| 082 | 0 | 4 |
_a631 _bA6 2004 |
| 100 | 0 | 0 |
_aAlonso Sebastian, Ramon. _94601 |
| 245 | 1 | 0 |
_aEconomía de la empresa agroalimentaria _c/por Ramón Alonso Sebastián y Arturo Serrano Bermejo |
| 250 | _a2ed. | ||
| 260 |
_aMadrid : _bMundi-Prensa, _c2004. |
||
| 300 |
_a383 p. : _bilus. |
||
| 590 |
_aBATCH-UPD _b10 _c20130110 _lUCH01 _h1846 |
||
| 590 |
_aBATCH-UPD _b10 _c20130410 _lUCH01 _h1216 |
||
| 590 |
_aCONVERSION _b10 _c20130109 _lUCH01 _h1350 |
||
| 650 | 1 | 4 |
_aEmpresas agropecuarias. _936649 |
| 650 | 1 | 4 |
_aEmpresas. _936635 |
| 650 | 1 | 4 |
_aToma de decisiones. _9113662 |
| 700 | 0 |
_aSerrano Bermejo, Arturo. _9105205 |
|
| 901 | _aBK | ||
| 905 | _aAlejandra Carrasco M. | ||
| 942 | _cLIBRO | ||
| 949 |
_a631 A6 2004 _bBC _cLIBRO _d33724000963211 _eLIBRO _fc.3 _gI.c/e _h107006 _i102488 _sb _t$ 444.55 |
||
| 949 |
_a631 A6 2004 _bBC _cLIBRO _d33724000963278 _eLIBRO _fc.2 _gI.c/e _h107005 _i102488 _sb _t$ 444.55 |
||
| 949 |
_a631 A6 2004 _bBC _cLIBRO _d33724000963328 _eLIBRO _gI.c/e _h107004 _i102488 _sb _t$ 444.55 |
||
| 999 |
_c90953 _d90953 |
||